书目信息 |
| 题名: |
索伯列夫空间:第2版
|
|
| 作者: | 亚当斯 著 | |
| 分册: | ||
| 出版信息: | 北京 世界图书出版公司北京公司 2009 |
|
| 页数: | 305页 | |
| 开本: | 19cm | |
| 丛书名: | ||
| 单 册: | ||
| 中图分类: | O177.3 | |
| 科图分类: | ||
| 主题词: | 数学分析 | |
| 电子资源: | ||
| ISBN: | 978-7-5100-0537-4 | |
| 000 | 00563nam0 2200181 450 | |
| 001 | 1734993170 | |
| 005 | 20170405094313.18 | |
| 010 | @a978-7-5100-0537-4@d¥69.00 | |
| 100 | @a20170405d km y0chiy0120 ea | |
| 101 | 0 | @achi |
| 200 | 1 | @a索伯列夫空间:第2版@Asuo bo lie fu kong jian:di 2 ban@f亚当斯著@Fya dang si zhu |
| 210 | @a北京@c世界图书出版公司北京公司@d2009 | |
| 215 | @a305页@d19cm | |
| 606 | 0 | @a数学分析 |
| 690 | @aO177.3@v4 | |
| 701 | 0 | @a亚当斯@Aya dang si@4著 |
| 801 | 0 | @aCN@b大连网信软件有限公司图书馆·11@c20170405 |
| 905 | @b6705985@dO177.3@eS380@f1 | |
| 索伯列夫空间:第2版/亚当斯著.-北京:世界图书出版公司北京公司,2009 |
| 305页;19cm |
| ISBN 978-7-5100-0537-4:¥69.00 |
| ● |
| 相关链接 |
|
|
|
|
正题名:索伯列夫空间:第2版
索取号:O177.3/S380
 
预约/预借
| 序号 | 登录号 | 条形码 | 馆藏地/架位号 | 状态 | 备注 |
| 1 | 6705985 | 267059853 | 数信系资料室/ [索取号:O177.3/S380] | 在馆 |